Internacionalización y proveedores externos de educación superior en América Latina y el Caribe /
Obra en que se da cuenta de los procesos de promoción internacional de las universidades privadas y públicas latinoamericanas en los años noventa. Para ello, se revisan las políticas públicas relacionadas, las funciones del sector transnacional, las polémicas sobre la comercialización de los servici...
Enregistré dans:
| Auteur principal: | |
|---|---|
| Format: | Livre |
| Langue: | espagnol |
| Publié: |
México :
ANUIES,
2005, c2005
|
| Collection: | (Biblioteca de la Educación Superior. Investigaciones)
|
| Sujets: | |
| Tags: |
Pas de tags, Soyez le premier à ajouter un tag!
|
MARC
| LEADER | 00000nam^a2200000^a^4500 | ||
|---|---|---|---|
| 001 | 000188777 | ||
| 005 | 20250521000000.0 | ||
| 009 | 20260310102350.099 | ||
| 020 | |a 970-704-079-3 | ||
| 037 | |a Acervo ITESO - Biblioteca | ||
| 041 | |a ESP | ||
| 082 | |a 378. 80 |b DID | ||
| 100 | |a Didou Aupetit, Sylvie |e (autor) | ||
| 245 | 1 | 0 | |a Internacionalización y proveedores externos de educación superior en América Latina y el Caribe / |c S. Didou Aupetit. |
| 264 | 4 | |a México : |b ANUIES, |c 2005, c2005 | |
| 300 | |a 241 p. | ||
| 336 | |a texto |b txt |2 rdacontenido | ||
| 337 | |a sin mediación |b n |2 rdamedio | ||
| 338 | |a volumen |b nc |2 rdasoporte | ||
| 440 | 1 | |a (Biblioteca de la Educación Superior. |p Investigaciones) | |
| 520 | |a Obra en que se da cuenta de los procesos de promoción internacional de las universidades privadas y públicas latinoamericanas en los años noventa. Para ello, se revisan las políticas públicas relacionadas, las funciones del sector transnacional, las polémicas sobre la comercialización de los servicios educativos, las dinámicas de la internacionalización y los reacomodos que estos cambios supusieron en los sistemas nacionales de educación. | ||
| 649 | |a XX | ||
| 650 | |a Universidades - |z Latinoamérica - |x Condiciones Económicas | ||
| 650 | |a Universidades - |z Caribe, El - |x Condiciones Económicas | ||
| 650 | |a Instituciones Educativas - |z Latinoamérica - |x Condiciones Económicas | ||
| 650 | |a Instituciones Educativas - |z Caribe, El - |x Condiciones Económicas | ||
| 650 | |a Calidad Total | ||
| 650 | |a Mercadotecnia de Servicios | ||
| 650 | |a Apertura Comercial e Integración Económica | ||
| 650 | |a Globalización | ||
| 650 | |a Administración Educativa | ||
| 650 | |a Política Educativa | ||
| 650 | |a Educación y Política | ||
| 650 | |a Educación y Estado | ||
| 650 | |a Educación Privada | ||
| 650 | |a Educación Pública | ||
| 650 | |a Educación Superior - |z Latinoamérica - |x Historia - |y 1990-1999 | ||
| 650 | |a Educación Superior - |z Caribe, El - |x Historia - |y 1990-1999 | ||
| 650 | |a Educación Superior - |z Latinoamérica - |x Aspectos Económicos - |x Tema Principal | ||
| 650 | |a Educación Superior - |z Caribe, El - |x Aspectos Económicos - |x Tema Principal | ||
| 650 | |a Sociología de la Educación | ||
| 910 | |a Fondo General | ||
| 920 | |a Impresos - Libros | ||
| 930 | |a Colección General | ||
| 905 | |a 101 | ||
| 901 | |a 0500131486 |b IT1 |c ACC |u 20250521 | ||
| 901 | |a 0500131483 |b IT1 |c ACC |u 20250521 | ||
| 902 | |a https://opac.biblio.iteso.mx/vufind/Record/000188777 | ||